[Event "Charleroi op"]
[Site "Charleroi"]
[Date "2018.08.01"]
[Round "6"]
[White "Gurevich, Mikhail"]
[Black "De Schampheleire, Glen"]
[Result "1-0"]
[WhiteElo "2569"]
[BlackElo "2347"]
[PlyCount "63"]
[EventDate "2018.07.28"]
[EventType "swiss"]
[EventRounds "9"]
[EventCountry "BEL"]
[SourceTitle "CBM 185 Extra"]
[Source "ChessBase"]
[SourceDate "2018.07.29"]
[SourceVersion "1"]
[SourceVersionDate "2018.07.29"]
[SourceQuality "1"]

1. c4 Nf6 2. Nc3 e6 3. Nf3 b6 4. e4 Bb7 5. Bd3 c5 6. 0-0 Nc6 7. Bc2 Nd4 8. Nxd4 cxd4 9. Ne2 Nxe4 10. Nxd4 Nf6 11. d3 Be7 12. Bf4 0-0 13. Qe2 a6 14. Rac1 b5 15. Nf3 d6 16. b3 e5 17. Bd2 Re8 18. d4 bxc4 19. bxc4 exd4 20. Nxd4 d5 21. Ba4 Ba3 22. Bxe8 Bxc1 23. Bxf7+ Kxf7 24. Qe6+ Kg6 25. Rxc1 dxc4 26. Qf5+ Kf7 27. Qe6+ Kg6 28. Rc3 h6 29. Rg3+ Kh7 30. Qf7 Nh5 31. Qxh5 Qxd4 32. Bc3 1-0

[Event "Charleroi op"]
[Site "Charleroi"]
[Date "2018.07.29"]
[Round "2"]
[White "Gurevich, Mikhail"]
[Black "Vanderwaeren, Serge"]
[Result "1-0"]
[WhiteElo "2569"]
[BlackElo "2145"]
[PlyCount "53"]
[EventDate "2018.07.28"]
[EventType "swiss"]
[EventRounds "9"]
[EventCountry "BEL"]
[SourceTitle "CBM 185 Extra"]
[Source "ChessBase"]
[SourceDate "2018.07.29"]
[SourceVersion "1"]
[SourceVersionDate "2018.07.29"]
[SourceQuality "1"]

1. d4 Nf6 2. c4 e6 3. Nc3 Bb4 4. Qc2 c5 5. dxc5 Bxc5 6. Nf3 Qb6 7. e3 Qc7 8. Bd2 a6 9. g4 h6 10. Rg1 Nc6 11. h4 d6 12. g5 hxg5 13. hxg5 Nd7 14. Ne4 Nde5 15. Nxe5 Nxe5 16. Be2 Rh3 17. 0-0-0 Bd7 18. b4 Ba7 19. Bc3 Bb8 20. Nxd6+ Qxd6 21. Rxd6 Bxd6 22. c5 Bc7 23. Bxe5 Bxe5 24. Qe4 Bh2 25. Qg2 Rh4 26. Rh1 Bc6 27. f3 1-0

[Event "Charleroi op"]
[Site "Charleroi"]
[Date "2018.07.28"]
[Round "1"]
[White "Thirion, Marcel"]
[Black "Gurevich, Mikhail"]
[Result "0-1"]
[WhiteElo "2100"]
[BlackElo "2569"]
[PlyCount "84"]
[EventDate "2018.07.28"]
[EventType "swiss"]
[EventRounds "9"]
[EventCountry "BEL"]
[SourceTitle "CBM 185 Extra"]
[Source "ChessBase"]
[SourceDate "2018.07.29"]
[SourceVersion "1"]
[SourceVersionDate "2018.07.29"]
[SourceQuality "1"]

1. d4 f5 2. Nc3 Nf6 3. Bg5 d5 4. Bxf6 exf6 5. e3 Be6 6. Qf3 Nc6 7. Bb5 Qd7 8. Nge2 a6 9. Ba4 b5 10. Bb3 Bb4 11. a3 Ba5 12. 0-0 Ne7 13. Na2 c6 14. Nb4 0-0 15. Nd3 Bf7 16. Nc5 Qe8 17. Ng3 g6 18. c3 Nc8 19. Qf4 Qe7 20. Rae1 Bc7 21. Qh4 Nd6 22. f3 Rfe8 23. e4 dxe4 24. Bxf7+ Nxf7 25. fxe4 f4 26. Nh1 Bd6 27. b4 a5 28. g3 axb4 29. axb4 Ra3 30. Rf3 Ng5 31. Rd3 f5 32. e5 Bxc5 33. dxc5 Rd8 34. Rxd8+ Qxd8 35. Rf1 Rxc3 36. Qh6 fxg3 37. Nxg3 Qd4+ 38. Kh1 Qd5+ 39. Kg1 Rc2 40. Ne2 Qd2 41. Nf4 Nf3+ 42. Rxf3 Qd4+ 0-1

[Event "Paris European Corporate 1st"]
[Site "Paris"]
[Date "2017.11.25"]
[Round "9.3"]
[White "Fedorchuk, Sergey A"]
[Black "Gurevich, Mikhail"]
[Result "1/2-1/2"]
[WhiteElo "2641"]
[BlackElo "2565"]
[PlyCount "81"]
[EventDate "2017.11.24"]
[EventType "team-swiss"]
[EventRounds "9"]
[EventCountry "FRA"]
[SourceTitle "CBM 181 Extra"]
[Source "ChessBase"]
[SourceDate "2017.12.12"]
[SourceVersion "1"]
[SourceVersionDate "2017.12.12"]
[SourceQuality "1"]
[WhiteTeam "A l'Abri"]
[BlackTeam "Echesspedia"]
[WhiteTeamCountry "FRA"]
[BlackTeamCountry "BEL"]

1. e4 e6 2. d4 d5 3. Nd2 c5 4. Ngf3 a6 5. exd5 exd5 6. dxc5 Bxc5 7. Nb3 Bb6 8. Bd3 Qe7+ 9. Be2 Nf6 10. 0-0 0-0 11. Bg5 h6 12. Bh4 Nc6 13. c3 g5 14. Bg3 Ne4 15. Re1 Qf6 16. Qxd5 Nxg3 17. hxg3 Be6 18. Qe4 Rfe8 19. Bc4 Bd7 20. Qd3 Bf5 21. Qd2 Be4 22. Nfd4 Rad8 23. Rad1 Re5 24. Re3 Bg6 25. Rxe5 Nxe5 26. Be2 h5 27. Qe3 Rd6 28. Bf3 Rd7 29. Re1 Re7 30. Kh1 Nc6 31. Qd2 Rxe1+ 32. Qxe1 Nxd4 33. Nxd4 Bxd4 34. cxd4 Qxd4 35. Qe2 b6 36. Bxh5 Bxh5 37. Qxh5 Qxb2 38. Qxg5+ Kf8 39. Qd8+ Kg7 40. Qg5+ Kf8 41. Qd8+ 1/2-1/2

[Event "Paris European Corporate 1st"]
[Site "Paris"]
[Date "2017.11.25"]
[Round "5.2"]
[White "Gurevich, Mikhail"]
[Black "Sebag, Marie"]
[Result "1-0"]
[WhiteElo "2565"]
[BlackElo "2495"]
[PlyCount "77"]
[EventDate "2017.11.24"]
[EventType "team-swiss"]
[EventRounds "9"]
[EventCountry "FRA"]
[SourceTitle "CBM 181 Extra"]
[Source "ChessBase"]
[SourceDate "2017.12.12"]
[SourceVersion "1"]
[SourceVersionDate "2017.12.12"]
[SourceQuality "1"]
[WhiteTeam "Echesspedia"]
[BlackTeam "Paris 2024"]
[WhiteTeamCountry "BEL"]
[BlackTeamCountry "FRA"]

1. g3 d5 2. Bg2 c6 3. d3 Bf5 4. Nd2 e6 5. e4 Bg6 6. Ne2 Nf6 7. Nf4 Nbd7 8. Qe2 dxe4 9. dxe4 e5 10. Nxg6 hxg6 11. Nb3 a5 12. a4 Bb4+ 13. c3 Bd6 14. Be3 Qe7 15. h4 Nc5 16. Nd2 Ncd7 17. Bh3 Bc5 18. Bg5 Nf8 19. Nb3 Bb6 20. Rd1 Ne6 21. Be3 Qc7 22. Bxe6 fxe6 23. Nc5 Bxc5 24. Bxc5 Rd8 25. Rxd8+ Qxd8 26. 0-0 Nd7 27. Rd1 Qf6 28. Be3 Rf8 29. Kg2 Qe7 30. Qd3 Rf7 31. Qc4 Qf6 32. Rd2 Qf3+ 33. Kg1 Qg4 34. Qd3 Qf3 35. Qd6 Qg4 36. Kh2 g5 37. Bxg5 Qxe4 38. Qxe6+ Kf8 39. Be3 1-0

[Event "Paris European Corporate 1st"]
[Site "Paris"]
[Date "2017.11.24"]
[Round "4.3"]
[White "Mensch, Etienne"]
[Black "Gurevich, Mikhail"]
[Result "1/2-1/2"]
[WhiteElo "2264"]
[BlackElo "2565"]
[PlyCount "76"]
[EventDate "2017.11.24"]
[EventType "team-swiss"]
[EventRounds "9"]
[EventCountry "FRA"]
[SourceTitle "CBM 181 Extra"]
[Source "ChessBase"]
[SourceDate "2017.12.12"]
[SourceVersion "1"]
[SourceVersionDate "2017.12.12"]
[SourceQuality "1"]
[WhiteTeam "Leonard"]
[BlackTeam "Echesspedia"]
[WhiteTeamCountry "FRA"]
[BlackTeamCountry "BEL"]

1. d4 d6 2. Nf3 g6 3. Bg5 Bg7 4. e3 Nf6 5. Nbd2 h6 6. Bxf6 Bxf6 7. c3 Bg7 8. Be2 e6 9. 0-0 0-0 10. a4 Qe7 11. Re1 Nc6 12. b4 e5 13. d5 Nb8 14. e4 Nd7 15. h3 f5 16. Nh2 Nf6 17. Bf3 Qf7 18. c4 h5 19. Rc1 Bh6 20. Rc2 Bd7 21. b5 b6 22. a5 bxa5 23. Ra2 a6 24. Rxa5 axb5 25. Rxa8 Rxa8 26. cxb5 Bxb5 27. Nhf1 Bd3 28. Qb3 Bxd2 29. Nxd2 Bxe4 30. Nxe4 Nxe4 31. Qb7 Rf8 32. Rc1 Nc5 33. Rxc5 dxc5 34. d6 e4 35. dxc7 Qd7 36. Be2 Rc8 37. Bc4+ Kh7 38. Qb2 Rxc7 1/2-1/2